000 00522nam a2200217Ia 4500
003 0100
008 130303s9999 xx 000 0 und d
020 _a0061314595
040 _cARRUPELIB
050 _aB3279.H48G43 1966
100 _aHeidegger, Martin
245 _aDiscourse on thinking
260 _aNew York
260 _bHarper & Row Publishers
260 _C1966
300 _a93p.
300 _b 21cm.
650 _aPHILOSOPHY
700 _aAnderson, John M. and Freund, E. Hans (tr.)
942 0 0 _01
999 _c38106
_d38106